00419nam a2200181 a 4500001000800000005001700008008004100025010001700066020001500083040001800098041000800116042000900124080000800133082001600141100000600157101000800163245006600171424371720180119044828.0841004s1984 ilua j 001 0 eng  a 83071743  a0026657503 aDLCcDLCdDLC aeng alcac a64000a640 AME2191 a9 aPED10aSteps in home living /cby Karen Ament and Florence M. Reiff.